|
|
|
|
| LEADER |
01228nam a2200337 i 4500 |
| 001 |
28165 |
| 003 |
BD-DhAAL |
| 005 |
20190523134053.0 |
| 008 |
140710s2013 ilua b 001 0 eng d |
| 999 |
|
|
|c 32858
|d 32858
|
| 010 |
|
|
|a 2012022899
|
| 020 |
|
|
|a 9780226151816 (cloth : alk. paper)
|
| 020 |
|
|
|z 9780226008721 (e-book)
|
| 040 |
|
|
|a ICU/DLC
|b eng
|c ICU
|e rda
|d DLC
|d BD-DhAAL
|
| 041 |
|
|
|a eng
|
| 042 |
|
|
|a pcc
|
| 043 |
|
|
|a n-us---
|
| 050 |
0 |
0 |
|a NA737.D56
|b D56 2013
|
| 082 |
0 |
0 |
|a 720.922
|2 23
|
| 100 |
1 |
|
|a Dimendberg, Edward.
|9 5373
|
| 245 |
1 |
0 |
|a Diller Scofidio + Renfro :
|b architecture after images /
|c Edward Dimendberg.
|
| 260 |
|
|
|a Chicago ;
|a London :
|b University of Chicago Press,
|c c2013.
|
| 300 |
|
|
|a 240 pages :
|b some colored illustrations ;
|c 28 cm.
|
| 504 |
|
|
|a Includes bibliographical references and index.
|
| 505 |
0 |
|
|a 1976-1989 -- 1990-1999 -- 2000-2008.
|
| 526 |
|
|
|a ARC
|
| 541 |
|
|
|e 28165
|
| 610 |
2 |
0 |
|a Diller Scofidio + Renfro.
|9 5374
|
| 650 |
|
0 |
|a Architecture
|z United States.
|9 5371
|
| 942 |
|
|
|2 ddc
|c BK
|
| 952 |
|
|
|0 0
|1 0
|2 ddc
|4 0
|6 720_922000000000000_DIM
|7 0
|9 43099
|a BRACUL
|b BRACUL
|c GEN
|d 2014-07-10
|e Trim Education
|g 4995.00
|l 2
|m 5
|o 720.922 DIM
|p 3010028165
|r 2021-12-23
|s 2021-12-15
|t 1
|w 2014-07-10
|y BK
|